书目信息 |
| 题名: |
走向诺贝尔
|
|
| 作者: | 邱华栋, 著 | |
| 分册: | 邱华栋卷 | |
| 出版信息: | 北京 文化艺术出版社 2002.09 |
|
| 页数: | 416页 | |
| 开本: | 21cm | |
| 丛书名: | ||
| 单 册: | ||
| 中图分类: | I247 | |
| 科图分类: | ||
| 主题词: | 小说--xiao shuo--中国--当代--作品集 | |
| 电子资源: | ||
| ISBN: | 7-5039-2232-X | |
| 000 | 00816nam0 2200241 450 | |
| 001 | 012008741722 | |
| 005 | 20080321094107.40 | |
| 010 | @a7-5039-2232-X@dCNY21.80 | |
| 100 | @a20080321d2002 km y0chiy0121 ea | |
| 101 | 0 | @achi |
| 102 | @aCN@b110000 | |
| 105 | @ay z 000ay | |
| 106 | @ar | |
| 200 | 1 | @a走向诺贝尔@Azou xiang nuo bei er@d= March to Noble@i邱华栋卷@f[邱华栋著]@zeng |
| 210 | @a北京@c文化艺术出版社@d2002.09 | |
| 215 | @a416页@d21cm | |
| 330 | @a本卷共收入作者在各个时期所创作的力作,包括“正午的供词”、“黑暗河流上的闪光”、“大额尔齐斯河”、“时装人”、“鱼玄机”。 | |
| 510 | 1 | @aMarch to Noble@zeng |
| 606 | 0 | @a小说@Axiao shuo@y中国@z当代@j作品集 |
| 690 | @aI247@v4 | |
| 701 | 0 | @a邱华栋,@Aqiu hua dong,@f1969-@4著 |
| 801 | 0 | @aCN@bQSSK@c20080321 |
| 905 | @b20288584-87@dI247@eQ720@f4 | |
| 走向诺贝尔= March to Noble.邱华栋卷/[邱华栋著].-北京:文化艺术出版社,2002.09 |
| 416页;21cm |
| ISBN 7-5039-2232-X:CNY21.80 |
| 本卷共收入作者在各个时期所创作的力作,包括“正午的供词”、“黑暗河流上的闪光”、“大额尔齐斯河”、“时装人”、“鱼玄机”。 |
| ● |
| 相关链接 |
|
|
|
正题名:走向诺贝尔
索取号:I247/Q720
 
预约/预借
| 序号 | 登录号 | 条形码 | 馆藏地/架位号 | 状态 | 备注 |
| 1 | 288584 | 202885841 | 文学库108/108文学库 24排9列4层/ [索取号:I247/Q720] | 在馆 | |
| 2 | 288585 | 202885850 | 文学库108/108文学库 24排9列4层/ [索取号:I247/Q720] | 在馆 | |
| 3 | 288586 | 202885869 | 文学库108/108文学库 24排9列4层/ [索取号:I247/Q720] | 在馆 | |
| 4 | 288587 | 202885878 | 文学库108/108文学库 24排9列4层/ [索取号:I247/Q720] | 在馆 |